Statistiken für Kennen Sie diese Regionen? #3

Klicken Sie hier um das Quiz zu spielen!

Allgemein

  • Dieses Quiz wurde 96 mal gespielt
  • Das Durchschnittsergebnis liegt bei 65 aus 80

Antwortstatistiken

FrageKachelSelect% Korrekt
Länder mit Sahara-Wüste .IrakNein
100%
Länder mit Sahara-Wüste .IsraelNein
100%
Länder mit Sahara-Wüste .Saudi-ArabienNein
100%
Länder mit Sahara-Wüste .SyrienNein
100%
Länder mit Sahara-Wüste .NamibiaNein
99%
Länder mit Sahara-Wüste .AlgerienJa
98%
Länder mit Sahara-Wüste .MarokkoJa
95%
Länder mit Landmasse auf dem Balkan , (auch bekannt als auf der Balkanhalbinsel).AserbaidschanNein
94%
Länder mit Landmasse auf dem Balkan , (auch bekannt als auf der Balkanhalbinsel).GeorgienNein
94%
das waren Teil der ehemaligen Sowjetunion .PakistanNein
94%
Länder, die Teil der Großen Antillen sind.FalklandinselnNein
93%
Länder mit Sahara-Wüste .MaliJa
93%
das waren Teil der ehemaligen Sowjetunion .AfghanistanNein
92%
Länder mit Landmasse auf dem Balkan , (auch bekannt als auf der Balkanhalbinsel).AlbanienJa
92%
Länder mit Landmasse auf dem Balkan , (auch bekannt als auf der Balkanhalbinsel).ArmenienNein
92%
Länder mit Landmasse auf dem Balkan , (auch bekannt als auf der Balkanhalbinsel).KosovoJa
92%
Länder, die Teil der Großen Antillen sind.MauritiusNein
92%
Länder mit Landmasse auf dem Balkan , (auch bekannt als auf der Balkanhalbinsel).MontenegroJa
92%
Länder, die Teil der Großen Antillen sind.PalauNein
92%
Länder mit Landmasse auf dem Balkan , (auch bekannt als auf der Balkanhalbinsel).SerbienJa
92%
das waren Teil der ehemaligen Sowjetunion .UkraineJa
92%
Länder mit Landmasse auf dem Balkan , (auch bekannt als auf der Balkanhalbinsel).Bosnien und HerzegowinaJa
91%
das waren Teil der ehemaligen Sowjetunion .KasachstanJa
91%
das waren Teil der ehemaligen Sowjetunion .MontenegroNein
91%
Länder, die Teil der Großen Antillen sind.NauruNein
91%
Länder mit Landmasse auf dem Balkan , (auch bekannt als auf der Balkanhalbinsel).NordmazedonienJa
91%
Länder mit Sahara-Wüste .TunesienJa
91%
Länder mit Sahara-Wüste .LibyenJa
90%
Länder, die Teil der Großen Antillen sind.SeychellenNein
90%
das waren Teil der ehemaligen Sowjetunion .SlowenienNein
90%
Länder, die Teil der Großen Antillen sind.Hawaii (USA)Nein
88%
Länder mit Landmasse auf dem Balkan , (auch bekannt als auf der Balkanhalbinsel).KroatienJa
88%
Länder, die Mitglieder der NATO sind.SerbienNein
88%
das waren Teil der ehemaligen Sowjetunion .TadschikistanJa
88%
das waren Teil der ehemaligen Sowjetunion .UsbekistanJa
88%
Länder, die Mitglieder der NATO sind.GriechenlandJa
87%
das waren Teil der ehemaligen Sowjetunion .JugoslawienNein
87%
das waren Teil der ehemaligen Sowjetunion .KirgisistanJa
87%
Länder mit Sahara-Wüste .MauretanienJa
87%
Länder, die Mitglieder der NATO sind.PolenJa
87%
Länder mit Sahara-Wüste .TschadJa
87%
das waren Teil der ehemaligen Sowjetunion .TurkmenistanJa
87%
Länder, die Mitglieder der NATO sind.DänemarkJa
86%
Länder, die Mitglieder der NATO sind.KanadaJa
86%
das waren Teil der ehemaligen Sowjetunion .LettlandJa
86%
das waren Teil der ehemaligen Sowjetunion .SlowakeiNein
85%
Länder, die Mitglieder der NATO sind.MexikoNein
84%
das waren Teil der ehemaligen Sowjetunion .MoldawienJa
84%
Länder mit Landmasse auf dem Balkan , (auch bekannt als auf der Balkanhalbinsel).SlowakeiNein
84%
Länder mit Sahara-Wüste .SudanJa
84%
das waren Teil der ehemaligen Sowjetunion .AserbaidschanJa
83%
Länder, die Teil der Großen Antillen sind.Guam (USA)Nein
81%
Länder mit Sahara-Wüste .ÄgyptenJa
80%
Länder mit Sahara-Wüste .NigerJa
80%
Länder mit Sahara-Wüste .NigeriaNein
80%
das waren Teil der ehemaligen Sowjetunion .Ost-DeutschlandNein
80%
Länder mit Landmasse auf dem Balkan , (auch bekannt als auf der Balkanhalbinsel).BulgarienJa
78%
Länder, die Mitglieder der NATO sind.EstlandJa
77%
Länder mit Landmasse auf dem Balkan , (auch bekannt als auf der Balkanhalbinsel).SlowenienJa
77%
Länder, die Teil der Großen Antillen sind.HaitiJa
76%
Länder, die Teil der Großen Antillen sind.JamaikaJa
76%
Länder, die Mitglieder der NATO sind.NorwegenJa
76%
Länder mit Landmasse auf dem Balkan , (auch bekannt als auf der Balkanhalbinsel).GriechenlandJa
74%
Länder, die Teil der Großen Antillen sind.Dominikanische RepublikJa
73%
Länder, die Teil der Großen Antillen sind.KubaJa
73%
Länder, die Mitglieder der NATO sind.TürkeiJa
73%
Länder, die Mitglieder der NATO sind.UngarnJa
72%
Länder, die Teil der Großen Antillen sind.Puerto Rico (USA)Ja
67%
Länder, die Mitglieder der NATO sind.IslandJa
62%
Länder mit Landmasse auf dem Balkan , (auch bekannt als auf der Balkanhalbinsel).RumänienJa
60%
Länder, die Mitglieder der NATO sind.ÖsterreichNein
57%
Länder, die Teil der Großen Antillen sind.Curaçao (Niederlande)Nein
55%
Länder, die Teil der Großen Antillen sind.GrenadaNein
50%
Länder, die Teil der Großen Antillen sind.Martinique (Frankreich)Nein
49%
Länder, die Teil der Großen Antillen sind.Cayman Islands (Vereinigtes Königreich)Ja
48%
Länder, die Mitglieder der NATO sind.FinnlandNein
44%
Länder, die Mitglieder der NATO sind.IrlandNein
42%
Länder, die Mitglieder der NATO sind.AlbanienJa
41%
Länder, die Mitglieder der NATO sind.ZypernJa
30%
Länder mit Landmasse auf dem Balkan , (auch bekannt als auf der Balkanhalbinsel).ItalienJa
21%

Verteilung der Resultate

Perzentil nach korrekt beantworteten Fragen

Anzahl Personen mit jedem Resultat

Ihre Resultats-Entwicklung

Sie haben dieses Quiz noch nicht gespielt